[Event "Gibtelecom Masters"]
[Site "Gibraltar"]
[Date "2007.01.26"]
[Round "4.72"]
[White "Millward, Richard"]
[Black "Johnsen, Kjell Magne"]
[Result "1/2-1/2"]
[WhiteElo "2140"]
[BlackElo "1890"]
[PlyCount "123"]
[EventDate "2007.??.??"]

1. e4 e6 2. Nf3 d5 3. Nc3 dxe4 4. Nxe4 Bd7 5. d4 Bc6 6. Bd3 Nd7 7. O-O Ngf6 8.
Qe2 Be7 9. c3 O-O 10. Ng3 Bxf3 11. Qxf3 c6 12. Bg5 Re8 13. Bxf6 Nxf6 14. Ne4
Qb6 15. b4 a5 16. a3 Ra7 17. Nc5 axb4 18. axb4 Rea8 19. Rac1 Qd8 20. Bb1 Qd5
21. Ne4 Nxe4 22. Bxe4 Qg5 23. Qd3 Qh5 24. Rb1 Bd6 25. g3 f5 26. Bf3 Qf7 27.
Rfe1 Re8 28. b5 c5 29. b6 Ra3 30. Ra1 Rxa1 31. Rxa1 Qe7 32. Ra7 Rb8 33. Qc4 Kf8
34. Qa4 cxd4 35. cxd4 e5 36. dxe5 Qxe5 37. Ra8 Bc5 38. Rxb8+ Qxb8 39. Kg2 Qd8
40. Qc2 Qxb6 41. Qxf5+ Ke7 42. Qxh7 Bd4 43. Qe4+ Kd8 44. Qf5 Kc7 45. Be4 Qf6
46. Qa5+ Bb6 47. Qa2 Bc5 48. Bf3 Bd4 49. Qc4+ Kb8 50. h4 Bb6 51. Qd5 Qe7 52. h5
Ka7 53. g4 Ka6 54. Kf1 Qc5 55. Qxb7+ Ka5 56. Qa8+ Kb4 57. Kg2 Qxf2+ 58. Kh3
Qf1+ 59. Bg2 Qd3+ 60. Bf3 Qf1+ 61. Bg2 Qd3+ 62. Bf3 1/2-1/2

[Event "Gibtelecom Masters"]
[Site "Gibraltar"]
[Date "2007.01.26"]
[Round "4.73"]
[White "Galliano, Alex"]
[Black "Walton, Colin"]
[Result "1-0"]
[WhiteElo "1300"]
[BlackElo "2135"]
[PlyCount "103"]
[EventDate "2007.??.??"]

1. e4 e6 2. d3 d5 3. Nd2 Nf6 4. Ngf3 c5 5. g3 Nc6 6. Bg2 b5 7. O-O dxe4 8. dxe4
e5 9. c3 Rb8 10. Qc2 Be7 11. Rd1 Qc7 12. Nf1 O-O 13. Bg5 Be6 14. Ne3 Rfd8 15.
Nh4 b4 16. Nhf5 Rxd1+ 17. Qxd1 Qa5 18. Nxe7+ Nxe7 19. Qd6 Re8 20. Qxe5 Ng6 21.
cxb4 Qa4 22. Qxc5 Rb8 23. Bxf6 gxf6 24. a3 Rc8 25. Qd4 Ne5 26. Nd5 Kg7 27. Nxf6
Kxf6 28. f4 Qb3 29. Qxe5+ Ke7 30. Qd4 Rd8 31. Qc5+ Ke8 32. Qc3 Rd1+ 33. Rxd1
Qxd1+ 34. Kf2 Bg4 35. Bf1 h5 36. h3 Be6 37. Qd3 Qc1 38. Qb5+ Bd7 39. Qe5+ Kd8
40. Qh8+ Ke7 41. Qc3 Qd1 42. Qe5+ Kd8 43. Qh8+ Ke7 44. Qc3 Ke8 45. f5 Qd6 46.
Qh8+ Ke7 47. f6+ Ke6 48. Bc4+ Ke5 49. Qxh5+ Kxe4 50. Qf3+ Kd4 51. Qd1+ Ke5 52.
Qxd6+ 1-0

[Event "Gibtelecom Masters"]
[Site "Gibraltar"]
[Date "2007.01.26"]
[Round "4.74"]
[White "Kvisia, Johannes"]
[Black "Millward, Kevin"]
[Result "1-0"]
[WhiteElo "2134"]
[BlackElo "1300"]
[PlyCount "120"]
[EventDate "2007.??.??"]

1. Nf3 Nf6 2. d4 d5 3. c4 g6 4. g3 c6 5. Qb3 Bg7 6. Bg2 Nbd7 7. O-O O-O 8. Nc3
dxc4 9. Qxc4 Nb6 10. Qb3 Bg4 11. Rd1 Be6 12. Qc2 Nfd5 13. Ng5 Nb4 14. Qd2 Bg4
15. Qf4 Qc8 16. h3 Bd7 17. Qh4 h6 18. Nf3 Kh7 19. Ne5 h5 20. Bf4 N4d5 21. Nxd5
Nxd5 22. Bxd5 cxd5 23. Rac1 Bc6 24. Qxe7 Bxe5 25. Bxe5 Qd8 26. Qxd8 Raxd8 27.
Rc5 f6 28. Bf4 Rfe8 29. Be3 a6 30. Rdc1 Kg8 31. b4 Rd7 32. Kg2 Kf7 33. Ra5 Bb5
34. Kf3 Ree7 35. Ra3 Rc7 36. Rac3 Rc6 37. Rc5 Rd7 38. g4 hxg4+ 39. hxg4 Ke6 40.
Rh1 Rxc5 41. bxc5 Rd8 42. Rh7 Rd7 43. Rh8 Re7 44. Bf4 Kd7 45. e3 Bd3 46. Bd6
Rf7 47. Kg3 Kc6 48. a3 Kb5 49. f3 Kc6 50. Kf2 b6 51. Ke1 bxc5 52. Bxc5 f5 53.
Kd2 Bc4 54. Rh6 f4 55. Rxg6+ Kb7 56. Rh6 Bb5 57. g5 Be8 58. g6 Rf6 59. g7 Rxh6
60. g8=Q Rh2+ 1-0

[Event "Gibtelecom Masters"]
[Site "Gibraltar"]
[Date "2007.01.26"]
[Round "4.75"]
[White "Matto, Manuel"]
[Black "Edwards, Ray"]
[Result "1-0"]
[WhiteElo "1915"]
[BlackElo "2131"]
[PlyCount "90"]
[EventDate "2007.??.??"]

1. e4 c6 2. f4 d5 3. Nc3 dxe4 4. Nxe4 Nd7 5. Qe2 e6 6. Nf3 Ngf6 7. d3 Be7 8. a3
O-O 9. g3 b6 10. Bg2 Bb7 11. Bd2 c5 12. Nfg5 Nxe4 13. dxe4 Bxg5 14. fxg5 Ne5
15. O-O-O Qe7 16. h4 Rfd8 17. h5 Rd7 18. Bf4 Rxd1+ 19. Rxd1 Nc6 20. c3 e5 21.
Be3 Rd8 22. Qg4 Rxd1+ 23. Qxd1 Qd8 24. Qd5 Kf8 25. Bh3 Qe7 26. Qd3 Na5 27. b4
c4 28. Qc2 Nb3+ 29. Kb2 Qd8 30. Bf1 b5 31. Be2 a5 32. Bf3 axb4 33. cxb4 Nd4 34.
Qd1 Ke8 35. Bg2 Qd7 36. Kc3 Ne6 37. Qe2 Bc6 38. Qc2 Qb7 39. Bh1 Qa8 40. Kb2 Nd4
41. Qd1 c3+ 42. Kxc3 Qxa3+ 43. Kd2 Qxb4+ 44. Kc1 Qc3+ 45. Kb1 Qxe3 1-0

[Event "Gibtelecom Masters"]
[Site "Gibraltar"]
[Date "2007.01.26"]
[Round "4.76"]
[White "Carame Gonzalez, Francisco"]
[Black "Meenakshi, S."]
[Result "0-1"]
[WhiteElo "1960"]
[BlackElo "2293"]
[PlyCount "160"]
[EventDate "2007.??.??"]

1. e4 d6 2. Nc3 g6 3. d4 Bg7 4. Be3 c6 5. a4 Nd7 6. Bc4 Ngf6 7. Nf3 d5 8. exd5
Nb6 9. Bb3 Nbxd5 10. Nxd5 cxd5 11. O-O O-O 12. Rc1 b6 13. c4 dxc4 14. Bxc4 Bb7
15. Qe2 Rc8 16. Ba6 Qd5 17. Bxb7 Qxb7 18. Bf4 Qd7 19. b3 Nd5 20. Bd2 Qb7 21. b4
e6 22. b5 Rxc1 23. Rxc1 Rc8 24. Ne5 Rxc1+ 25. Bxc1 Qc7 26. Bb2 h5 27. Nc6 Qd6
28. g3 a5 29. Qc4 h4 30. Kg2 Bf6 31. Qb3 Qd7 32. h3 hxg3 33. fxg3 Bg5 34. Qf3
Ne3+ 35. Kh2 Nd5 36. h4 Bf6 37. h5 gxh5 38. Qxh5 Qd6 39. Qg4+ Bg7 40. Bc1 Kf8
41. Qh5 Ke8 42. Qg5 Bf6 43. Qh5 Qf8 44. Kg2 Qh8 45. Qxh8+ Bxh8 46. Bd2 Kd7 47.
g4 Bf6 48. Kf3 Be7 49. Ke4 Bd6 50. g5 Ke8 51. Ne5 Ba3 52. Nc4 Bf8 53. Ne3 Nc7
54. d5 Be7 55. dxe6 Nxe6 56. Kd5 Bxg5 57. Kc6 Nd4+ 58. Kxb6 Nb3 59. Nc4 Nxd2
60. Nd6+ Ke7 61. Nxf7 Kxf7 62. Kxa5 Ke7 63. b6 Kd7 64. Kb5 Ne4 65. a5 Nd6+ 66.
Kc5 Be3+ 67. Kd5 Bf2 68. a6 Bxb6 69. Ke5 Nb5 70. Kd5 Nc7+ 71. Ke5 Nxa6 72. Kd5
Nc7+ 73. Ke5 Ke7 74. Kf5 Kd6 75. Ke4 Ke6 76. Kd3 Kd5 77. Ke2 Ke4 78. Kd2 Nd5
79. Kc2 Ba5 80. Kb3 Nb6 0-1

[Event "Gibtelecom Masters"]
[Site "Gibraltar"]
[Date "2007.01.26"]
[Round "4.78"]
[White "Hocevar, Nikola"]
[Black "Cardenas Romo, Alejandro"]
[Result "0-1"]
[WhiteElo "2111"]
[BlackElo "1891"]
[PlyCount "64"]
[EventDate "2007.??.??"]

1. c4 g6 2. Nc3 Bg7 3. d4 d6 4. e4 Nd7 5. Be3 e5 6. Nge2 Ngf6 7. f3 c6 8. Qd2
h5 9. O-O-O O-O 10. Kb1 a6 11. c5 exd4 12. Bxd4 dxc5 13. Bxc5 Re8 14. Nc1 b5
15. Nb3 a5 16. Bd6 a4 17. Nd4 Qb6 18. Nxc6 b4 19. Nxb4 a3 20. b3 Nc5 21. Na4
Nxa4 22. bxa4 Be6 23. Bb5 Red8 24. e5 Nd7 25. f4 Nc5 26. Qd4 Bf5+ 27. Ka1 Bf8
28. Nd5 Qa7 29. Rd2 Ne4 30. Qxa7 Rxa7 31. Nf6+ Nxf6 32. exf6 Rxd6 0-1

[Event "Gibtelecom Masters"]
[Site "Gibraltar"]
[Date "2007.01.26"]
[Round "4.80"]
[White "Gonzalez Amaya, Milan"]
[Black "Pettersen, Joar"]
[Result "0-1"]
[WhiteElo "1891"]
[BlackElo "2032"]
[PlyCount "36"]
[EventDate "2007.??.??"]

1. e4 c6 2. d4 d5 3. e5 Bf5 4. h4 h5 5. Bd3 Bxd3 6. Qxd3 e6 7. Nh3 Nd7 8. Ng5
Nh6 9. Nxe6 fxe6 10. Qg6+ Nf7 11. Bg5 Be7 12. Qxe6 Nf8 13. Qf5 Bxg5 14. hxg5
Qxg5 15. Qxg5 Nxg5 16. Nd2 Nfe6 17. c3 Ke7 18. Ke2 Nf4+ 0-1

[Event "Gibtelecom Masters"]
[Site "Gibraltar"]
[Date "2007.01.26"]
[Round "4.82"]
[White "Kuenitz, Klaus"]
[Black "Mayers, Dan"]
[Result "0-1"]
[WhiteElo "1733"]
[BlackElo "1965"]
[PlyCount "56"]
[EventDate "2007.??.??"]

1. e4 e6 2. d4 d5 3. exd5 exd5 4. c4 Be6 5. cxd5 Bxd5 6. Nc3 Bb4 7. Bb5+ Nc6 8.
Bxc6+ Bxc6 9. Nf3 Nf6 10. O-O O-O 11. Bg5 h6 12. Bxf6 Qxf6 13. d5 Rad8 14. Qd4
Bxc3 15. bxc3 Qxd4 16. Nxd4 Bxd5 17. Nb5 Bc4 18. Rfb1 c6 19. Nxa7 Ba6 20. Rb6
Rd6 21. c4 Ra8 22. Nb5 Bxb5 23. cxb5 Rxa2 24. Rb1 Rb2 25. Rc1 Rxb5 26. Rxb5
cxb5 27. Rb1 Kf8 28. Kf1 Rb6 0-1

[Event "Gibtelecom Masters"]
[Site "Gibraltar"]
[Date "2007.01.26"]
[Round "4.84"]
[White "Yarur Elsaca, Daniel"]
[Black "Pollo Mancilla, Ricardo"]
[Result "1/2-1/2"]
[WhiteElo "1913"]
[BlackElo "1300"]
[PlyCount "79"]
[EventDate "2007.??.??"]

1. d4 Nf6 2. Bg5 Nc6 3. e3 d5 4. Nf3 Ne4 5. Bf4 f6 6. c3 g5 7. Bg3 h5 8. h3
Nxg3 9. fxg3 Qd6 10. Kf2 e5 11. dxe5 fxe5 12. Be2 e4 13. Nd4 Qf6+ 14. Ke1 Bc5
15. Rf1 Qd6 16. Bxh5+ Kd8 17. Kd2 Qxg3 18. Qe2 Ne5 19. b3 Bd7 20. Kc2 Nd3 21.
Nd2 Ba3 22. Bg6 c5 23. Nf5 Qe5 24. Qg4 Bb2 25. Qxg5+ Kc7 26. Qg3 Qxg3 27. Nxg3
Bxa1 28. Ne2 Bb2 29. a4 Rhg8 30. Bf7 Rxg2 31. Nf4 Rf2 32. Nxd5+ Kd6 33. Rxf2
Nxf2 34. Nc4+ Kc6 35. Kxb2 Nd3+ 36. Ka3 Rf8 37. Na5+ Kd6 38. Nc4+ Kc6 39. Na5+
Kd6 40. Nc4+ 1/2-1/2

[Event "Gibtelecom Masters"]
[Site "Gibraltar Gibraltar"]
[Date "2007.01.27"]
[Round "5.4"]
[White "Kuzubov, Yuriy"]
[Black "Cramling, Pia"]
[Result "1-0"]
[WhiteElo "2554"]
[BlackElo "2530"]
[PlyCount "83"]
[EventDate "2007.01.23"]

1. d4 d5 2. c4 c6 3. Nf3 Nf6 4. e3 Bg4 5. Nc3 e6 6. h3 Bxf3 7. Qxf3 Nbd7 8. Bd3
Bb4 9. O-O O-O 10. Qd1 Qe7 11. Qb3 dxc4 12. Bxc4 Nb6 13. Be2 Bd6 14. a4 Nbd5
15. a5 e5 16. Bc4 Rfd8 17. Bd2 h6 18. Rfe1 e4 19. a6 b5 20. Bxd5 Nxd5 21. Nxd5
cxd5 22. Ra5 Bc7 23. Rxb5 Qd6 24. g3 Rab8 25. Rc1 Qxa6 26. Rxb8 Bxb8 27. Rc5
Qe2 28. Ba5 Re8 29. Rxd5 Qf3 30. Qb5 Qd1+ 31. Kh2 Rf8 32. Rf5 g6 33. Rf6 Kg7
34. Qc6 h5 35. Bc3 h4 36. d5 Kh6 37. Kg2 hxg3 38. fxg3 Kh5 39. d6 Qe2+ 40. Rf2
Qxe3 41. Qd5+ f5 42. Qd1+ 1-0

[Event "Gibtelecom Masters"]
[Site "Gibraltar Gibraltar"]
[Date "2007.01.27"]
[Round "5.7"]
[White "Smerdon, David"]
[Black "Georgiev, Kiril"]
[Result "1/2-1/2"]
[WhiteElo "2460"]
[BlackElo "2661"]
[PlyCount "110"]
[EventDate "2007.01.23"]

1. e4 e5 2. Nf3 Nc6 3. d4 exd4 4. Nxd4 Bc5 5. Nxc6 Qf6 6. Qf3 Qxf3 7. gxf3 bxc6
8. Be3 Bxe3 9. fxe3 Ne7 10. c4 d6 11. Nc3 O-O 12. f4 f5 13. Bg2 fxe4 14. Bxe4
Be6 15. b3 d5 16. cxd5 cxd5 17. Bf3 c6 18. Ne2 Nf5 19. Rc1 Rac8 20. Kf2 c5 21.
Rhd1 Rfd8 22. Rc3 d4 23. exd4 Nxd4 24. Nxd4 cxd4 25. Rxc8 Rxc8 26. Be4 Rd8 27.
Rc1 Rf8 28. Kg3 g6 29. Rc6 Bf5 30. Bxf5 Rxf5 31. Rd6 Ra5 32. a4 Rc5 33. Rxd4
Rc3+ 34. Kg4 Rxb3 35. Rd7 a6 36. Rd6 a5 37. Ra6 Rb2 38. Kg5 Kf7 39. Ra7+ Ke6
40. Ra6+ Kf7 41. h3 Rg2+ 42. Kh4 h6 43. Rxa5 Kf6 44. Ra8 g5+ 45. Kh5 gxf4 46.
a5 f3 47. a6 Kf7 48. a7 Ra2 49. Rb8 f2 50. Rb1 Rxa7 51. Rf1 Ra2 52. Kg4 Kg6 53.
Kg3 h5 54. Rxf2 h4+ 55. Kf3 Rxf2+ 1/2-1/2

[Event "Gibtelecom Masters"]
[Site "Gibraltar Gibraltar"]
[Date "2007.01.27"]
[Round "5.9"]
[White "Sutovsky, Emil"]
[Black "Lahno, Kateryna"]
[Result "1/2-1/2"]
[WhiteElo "2629"]
[BlackElo "2456"]
[PlyCount "100"]
[EventDate "2007.01.23"]

1. e4 e5 2. Nf3 Nc6 3. Bb5 a6 4. Ba4 Nf6 5. O-O Bc5 6. c3 b5 7. Bb3 d6 8. a4
Bg4 9. axb5 axb5 10. Rxa8 Qxa8 11. h3 Bh5 12. d3 O-O 13. Bg5 Qd8 14. g4 Bg6 15.
Nh4 Qe7 16. Na3 Nd8 17. Nxb5 c6 18. Na3 Ne6 19. Bxe6 fxe6 20. Nc4 Be8 21. Ng2
Ba7 22. b4 Bb8 23. Be3 h6 24. Qe2 c5 25. bxc5 d5 26. Nd2 Bc6 27. f3 Rd8 28. Nb3
Ba4 29. Rb1 Ba7 30. Qa2 Bxb3 31. Qxb3 Bxc5 32. d4 Bd6 33. Qc2 exd4 34. cxd4 e5
35. Nh4 exd4 36. Nf5 Qe6 37. exd5 Qxd5 38. Bxd4 Qxf3 39. Bxf6 gxf6 40. Qc4+ Kf8
41. Nxd6 Qg3+ 42. Kf1 Qxh3+ 43. Kf2 Qh2+ 44. Kf3 Qxd6 45. Qb4 Kg7 46. Qxd6 Rxd6
47. Rb8 Rd4 48. Kg3 Kg6 49. Rg8+ Kf7 50. Ra8 Kg6 1/2-1/2

[Event "Gibtelecom Masters"]
[Site "Gibraltar Gibraltar"]
[Date "2007.01.27"]
[Round "5.11"]
[White "Tregubov, Pavel"]
[Black "Al Sayed, Mohammed N"]
[Result "1/2-1/2"]
[WhiteElo "2613"]
[BlackElo "2460"]
[PlyCount "160"]
[EventDate "2007.01.23"]

1. d4 d5 2. c4 c6 3. Nf3 Nf6 4. e3 Bf5 5. Nc3 e6 6. Nh4 Bg6 7. Nxg6 hxg6 8. Bd2
Nbd7 9. Be2 Be7 10. Qc2 a6 11. h3 O-O 12. O-O dxc4 13. Bxc4 c5 14. dxc5 Nxc5
15. Rfd1 b5 16. Be2 Rc8 17. Be1 Qb6 18. b4 Nce4 19. Qb3 Rc7 20. a4 Rfc8 21. Rd3
Nxc3 22. Rxc3 Rxc3 23. Bxc3 bxa4 24. Rxa4 Ne4 25. Bb2 Bh4 26. Qd3 Bxf2+ 27. Kf1
f5 28. b5 Bxe3 29. Rxa6 Qc5 30. Rc6 Rxc6 31. bxc6 Bh6 32. Qd4 Qxc6 33. Bd3 Nf6
34. Qd8+ Kh7 35. Bxf6 gxf6 36. Qe7+ Bg7 37. Qb4 e5 38. Qh4+ Bh6 39. Qc4 Qd7 40.
Bc2 Be3 41. Bb3 Qd2 42. Qe2 Qd4 43. Qc4 Qa1+ 44. Ke2 Bd4 45. Qg8+ Kh6 46. h4
Qb2+ 47. Kd1 Kh5 48. Bf7 Qa1+ 49. Ke2 Qa6+ 50. Kd2 Qf1 51. Qxg6+ Kxh4 52. Qxf6+
Kg3 53. Qg5+ Kh2 54. Qh4+ Kg1 55. Bd5 f4 56. Bf3 Be3+ 57. Kc3 Qc1+ 58. Kb3 Qb1+
59. Kc4 e4 60. Bg4 Qd3+ 61. Kb4 Bd2+ 62. Kc5 Kxg2 63. Qh5 f3 64. Bf5 Be3+ 65.
Kc6 Qc4+ 66. Kd7 Qd5+ 67. Ke8 Qe5+ 68. Kd7 Qg7+ 69. Ke6 Bc5 70. Bxe4 Qe7+ 71.
Kf5 Qd7+ 72. Kf4 Bd6+ 73. Ke3 Qa7+ 74. Kd3 Qa6+ 75. Kd4 Qa1+ 76. Kd3 Qd1+ 77.
Kc4 Qe2+ 78. Kd4 Qb2+ 79. Kd3 Qb3+ 80. Kd4 Qb2+ 1/2-1/2

[Event "Gibtelecom Masters"]
[Site "Gibraltar Gibraltar"]
[Date "2007.01.27"]
[Round "5.12"]
[White "Bellin, Robert"]
[Black "Kaidanov, Gregory"]
[Result "0-1"]
[WhiteElo "2381"]
[BlackElo "2595"]
[PlyCount "60"]
[EventDate "2007.01.23"]

1. e4 e6 2. d4 d5 3. Nc3 Bb4 4. e5 Ne7 5. a3 Bxc3+ 6. bxc3 c5 7. Qg4 cxd4 8.
cxd4 Qc7 9. Ra2 Nf5 10. Bd2 Qb6 11. Ne2 Nc6 12. c3 O-O 13. Nc1 f6 14. f4 fxe5
15. fxe5 Bd7 16. Bd3 Rf7 17. Rf1 Raf8 18. Rf3 Na5 19. Ne2 Nc4 20. Bc1 Ba4 21.
Qh3 Qb3 22. Rc2 Nxa3 23. Bxa3 Qxa3 24. Rc1 g6 25. Rb1 Bc6 26. Qg4 Ne3 27. Rxe3
Rf1+ 28. Kd2 Qa2+ 29. Bc2 Ba4 30. Qxe6+ Kh8 0-1

[Event "Gibtelecom Masters"]
[Site "Gibraltar Gibraltar"]
[Date "2007.01.27"]
[Round "5.13"]
[White "Sandipan, Chanda"]
[Black "Wippermann, Till"]
[Result "1/2-1/2"]
[WhiteElo "2561"]
[BlackElo "2427"]
[PlyCount "101"]
[EventDate "2007.01.23"]

1. e4 c5 2. Nf3 Nc6 3. Bb5 g6 4. O-O Bg7 5. c3 Nf6 6. e5 Nd5 7. d4 cxd4 8. cxd4
O-O 9. Nc3 Nc7 10. Bf4 Nxb5 11. Nxb5 a6 12. Nc3 d6 13. exd6 exd6 14. h3 Re8 15.
Qd2 d5 16. Rfe1 Rxe1+ 17. Rxe1 Be6 18. Ne5 Qb6 19. Nxc6 Qxc6 20. Be5 f6 21. Bf4
Bf8 22. a3 Bf7 23. Rc1 Rc8 24. Nd1 Qxc1 25. Qxc1 Rxc1 26. Bxc1 Be8 27. g4 Kf7
28. Kg2 Ke6 29. f4 Bb5 30. Kf3 Bd6 31. Nf2 a5 32. Bd2 b6 33. Nh1 Bd3 34. Ng3 f5
35. g5 Bf8 36. Ke3 Bc4 37. h4 h5 38. Nh1 Kd7 39. Nf2 Kc6 40. Nd1 Bb3 41. Nc3
Bc2 42. Ke2 Bd6 43. Ke3 Bb3 44. Ne2 Bd1 45. Nc1 Bc2 46. Nd3 Bxd3 47. Kxd3 a4
48. Kc3 b5 49. b4 axb3 50. Kxb3 Kb6 51. Kb2 1/2-1/2

[Event "Gibtelecom Masters"]
[Site "Gibraltar Gibraltar"]
[Date "2007.01.27"]
[Round "5.14"]
[White "Sengupta, Deep"]
[Black "Greenfeld, Alon"]
[Result "1-0"]
[WhiteElo "2416"]
[BlackElo "2556"]
[PlyCount "117"]
[EventDate "2007.01.23"]

1. e4 c5 2. Nf3 Nc6 3. d4 cxd4 4. Nxd4 Nf6 5. Nc3 d6 6. Bc4 e6 7. Be3 Be7 8.
Qe2 Bd7 9. O-O-O Rc8 10. Bb3 O-O 11. Rhg1 Na5 12. f3 Nxb3+ 13. axb3 Qa5 14. Kb1
e5 15. Ndb5 Rc6 16. Qd2 Ra6 17. Na3 Rc8 18. Na2 Be6 19. Qxa5 Rxa5 20. c4 Ne8
21. Nc3 f5 22. Nab5 Ra6 23. Nxa7 Ra8 24. Nab5 h6 25. Kc2 Rc8 26. Rd2 fxe4 27.
fxe4 Bf7 28. Nd5 Bd8 29. Rf1 Bg6 30. Nbc3 Nf6 31. Kd3 Kh7 32. h3 Rca8 33. Nxf6+
gxf6 34. g4 Ba5 35. Rxf6 Bxc3 36. bxc3 Kg7 37. Rf1 Ra3 38. Rb2 Rb8 39. Rff2 b5
40. h4 Bh7 41. Ra2 Rxb3 42. Ra7+ Kg8 43. Rf6 Rc8 44. Bd2 bxc4+ 45. Ke3 d5 46.
exd5 Rb1 47. Rxh6 Bd3 48. Rh5 Re8 49. d6 Rh1 50. Rg5+ Kh8 51. Rh5+ Kg8 52. Rg5+
Kh8 53. Rf7 Rh3+ 54. Kf2 Rh1 55. d7 Ra8 56. Re7 Rf8+ 57. Rf5 Bxf5 58. gxf5 Rh2+
59. Ke1 1-0

[Event "Gibtelecom Masters"]
[Site "Gibraltar Gibraltar"]
[Date "2007.01.27"]
[Round "5.16"]
[White "Sulskis, Sarunas"]
[Black "Ly, Moulthun"]
[Result "1-0"]
[WhiteElo "2525"]
[BlackElo "2307"]
[PlyCount "49"]
[EventDate "2007.01.23"]

1. e4 e6 2. d4 d5 3. Nc3 Nf6 4. Bg5 Be7 5. e5 Nfd7 6. Bxe7 Qxe7 7. Qh5 a6 8.
O-O-O c5 9. dxc5 Nc6 10. f4 Nxc5 11. Nf3 b5 12. Bd3 g6 13. Qh6 Qf8 14. Qh4 Qe7
15. Qf2 Nb4 16. Kb1 Nbxd3 17. cxd3 b4 18. Ne2 Bd7 19. Ned4 O-O 20. h4 Rac8 21.
h5 Rc7 22. Qg3 Bb5 23. Ng5 f6 24. Nxb5 axb5 25. Nxh7 1-0

[Event "Gibtelecom Masters"]
[Site "Gibraltar Gibraltar"]
[Date "2007.01.27"]
[Round "5.17"]
[White "Pavlovic, Milos"]
[Black "Helin, Mikael"]
[Result "1-0"]
[WhiteElo "2521"]
[BlackElo "1951"]
[PlyCount "53"]
[EventDate "2007.01.23"]

1. Nf3 g6 2. d4 d6 3. g3 Bg7 4. Bg2 h6 5. c4 Nc6 6. d5 Nb8 7. Nc3 a5 8. O-O Nf6
9. e4 Ng4 10. h3 Ne5 11. Nxe5 Bxe5 12. Be3 c5 13. f4 Bg7 14. Qd2 Bd7 15. Rae1
Qc8 16. Kh2 Kf8 17. e5 Ra6 18. Bg1 g5 19. e6 Be8 20. fxg5 hxg5 21. exf7 Bd7 22.
Qxg5 Qd8 23. Re4 Rb6 24. Rh4 Rxh4 25. Qxh4 Be8 26. fxe8=R+ Kxe8 27. Qh5+ 1-0

[Event "Gibtelecom Masters"]
[Site "Gibraltar Gibraltar"]
[Date "2007.01.27"]
[Round "5.18"]
[White "Harika, Dronavalli"]
[Black "Spraggett, Kevin"]
[Result "1-0"]
[WhiteElo "2421"]
[BlackElo "2633"]
[PlyCount "113"]
[EventDate "2007.01.23"]

1. d4 Nf6 2. c4 e6 3. Nc3 Bb4 4. f3 d5 5. a3 Bxc3+ 6. bxc3 c5 7. cxd5 exd5 8.
e3 Qc7 9. Ra2 Bf5 10. Ne2 cxd4 11. cxd4 Nbd7 12. g4 Bg6 13. Bg2 Rc8 14. O-O Nb6
15. Nf4 Bc2 16. Qe1 O-O 17. Bd2 Bb3 18. Ra1 Bc4 19. Rf2 Rfe8 20. a4 h6 21. h4
Qe7 22. a5 Nbd7 23. Bf1 Bxf1 24. Qxf1 Nf8 25. Qh3 Rc2 26. Re1 Ne6 27. Nd3 Nh7
28. Bb4 Qc7 29. Qh2 Qxh2+ 30. Rxh2 Rxh2 31. Kxh2 g5 32. h5 Ng7 33. Bd6 f5 34.
Be5 fxg4 35. fxg4 Re7 36. Rb1 Ne8 37. Nc5 Nhf6 38. Kh3 b6 39. axb6 axb6 40.
Rxb6 Kf7 41. Nb7 Nd7 42. Nd8+ Kg8 43. Rxh6 Nxe5 44. dxe5 Rxe5 45. Re6 Rxe6 46.
Nxe6 Nd6 47. Nc7 Kf7 48. Nxd5 Ke6 49. Nc3 Nc4 50. Ne4 Nxe3 51. Nxg5+ Ke5 52.
Nf3+ Kf6 53. Kg3 Nd5 54. Kh4 Ne3 55. g5+ Kf5 56. Nd4+ Ke4 57. h6 1-0

[Event "Gibtelecom Masters"]
[Site "?"]
[Date "2007.01.27"]
[Round "5.19"]
[White "Teran Alvarez, Ismael"]
[Black "Ehlvest, Jaan"]
[Result "0-1"]
[WhiteElo "2417"]
[BlackElo "2610"]
[PlyCount "76"]
[EventDate "2007.01.26"]

1. e4 c5 2. Nf3 e6 3. d4 cxd4 4. Nxd4 Nf6 5. Nc3 d6 6. g4 h6 7. h4 Nc6 8. Rg1
h5 9. gxh5 Nxh5 10. Bg5 Nf6 11. Rg3 Be7 12. Nxc6 bxc6 13. Qf3 d5 14. O-O-O Qa5
15. Kb1 Rb8 16. b3 Rb4 17. e5 Nh5 18. Rg1 {remaining moves illegible} Qc7 19.
Qe3 f6 20. exf6 gxf6 21. Bh6 Rxh4 22. Bd3 Kd8 23. Ne2 Ba3 24. Rh1 Rxh1 25. Rxh1
Ng7 26. Rg1 Ne8 27. Bf4 e5 28. Bg3 Qb6 29. Qd2 Bd7 30. Rd1 Nd6 31. c4 d4 32.
Qc2 Kc8 33. f4 Qc5 34. fxe5 fxe5 35. Rf1 Qa5 36. c5 Nb5 37. Bxe5 Re8 38. Bxd4
Nxd4 0-1

[Event "Gibtelecom Masters"]
[Site "Gibraltar Gibraltar"]
[Date "2007.01.27"]
[Round "5.20"]
[White "Ris, Robert"]
[Black "Al Modiahki, Mohamed"]
[Result "0-1"]
[WhiteElo "2403"]
[BlackElo "2556"]
[PlyCount "110"]
[EventDate "2007.01.23"]

1. d4 d5 2. Nf3 Nf6 3. c4 c6 4. Nc3 dxc4 5. a4 Bf5 6. Ne5 Nbd7 7. Nxc4 Qc7 8.
g3 e5 9. dxe5 Nxe5 10. Bf4 Nfd7 11. Bg2 g5 12. Bxe5 Nxe5 13. Qd4 f6 14. O-O-O
Be7 15. Ne3 Bg6 16. Ne4 f5 17. Nc4 fxe4 18. Qxe5 Qxe5 19. Nxe5 Bf5 20. g4 Be6
21. Bxe4 Bf6 22. Nf3 Bxg4 23. Rdg1 Bxf3 24. Bxf3 O-O-O 25. Rd1 Kc7 26. b3 Bd4
27. e3 Bc5 28. Bh5 Rdf8 29. Rd2 Rf6 30. h3 Rhf8 31. Rh2 h6 32. Rg2 a5 33. Kb2
Bb4 34. Rc2 Kb6 35. Rh2 Be1 36. f3 Bb4 37. h4 Bc5 38. e4 Bd4+ 39. Kb1 Be5 40.
Rh1 Rd8 41. hxg5 hxg5 42. Bg4 Rfd6 43. Rhc1 Bf4 44. Re1 Rd1+ 45. Rxd1 Rxd1+ 46.
Ka2 Be5 47. Ka3 Ra1+ 48. Ra2 Rb1 49. Rc2 Ra1+ 50. Ra2 Rf1 51. Rc2 Ka7 52. Ra2
b5 53. axb5 cxb5 54. Bd7 Kb6 55. Bg4 Rb1 0-1

[Event "Gibtelecom Masters"]
[Site "Gibraltar Gibraltar"]
[Date "2007.01.27"]
[Round "5.21"]
[White "Felgaer, Ruben"]
[Black "Butnorius, Algimantas"]
[Result "1/2-1/2"]
[WhiteElo "2556"]
[BlackElo "2402"]
[PlyCount "99"]
[EventDate "2007.01.23"]

1. e4 e5 2. Nf3 Nc6 3. Bb5 a6 4. Ba4 Nf6 5. O-O Be7 6. Re1 b5 7. Bb3 d6 8. c3
O-O 9. h3 Nb8 10. d4 Nbd7 11. Nbd2 Bb7 12. a4 c5 13. Bc2 Re8 14. dxe5 dxe5 15.
b3 Qc7 16. Qe2 Bc6 17. Bb2 Bf8 18. Ra2 g6 19. Rea1 Qb7 20. axb5 axb5 21. Rxa8
Rxa8 22. Rxa8 Qxa8 23. c4 b4 24. Nxe5 Nxe5 25. Bxe5 Nd7 26. Bf4 Bg7 27. Be3
Qa1+ 28. Qd1 Qb2 29. Nf3 h6 30. Ne1 Qe5 31. Qd2 Qa1 32. Qc1 Qc3 33. Bd2 Qf6 34.
Bxh6 Bxh6 35. Qxh6 Qd4 36. Nf3 Qa1+ 37. Kh2 Qb2 38. Qd2 Ne5 39. Nxe5 Qxe5+ 40.
f4 Qb2 41. e5 Kg7 42. Qe2 Qd4 43. Qg4 Qd2 44. Bxg6 fxg6 45. f5 Be8 46. f6+ Kf7
47. Qf3 Qd4 48. Qb7+ Bd7 49. Qc7 Ke6 50. Kh1 1/2-1/2

[Event "Gibtelecom Masters"]
[Site "Gibraltar Gibraltar"]
[Date "2007.01.27"]
[Round "5.22"]
[White "Aaberg, Anton"]
[Black "Rogers, Ian"]
[Result "0-1"]
[WhiteElo "2400"]
[BlackElo "2522"]
[PlyCount "96"]
[EventDate "2007.01.23"]

1. d4 Nf6 2. c4 g6 3. g3 Bg7 4. Bg2 O-O 5. Nc3 d6 6. Nf3 Nc6 7. O-O a6 8. d5
Na5 9. Nd2 c5 10. Qc2 Rb8 11. b3 b5 12. Bb2 Bh6 13. f4 bxc4 14. bxc4 e5 15.
dxe6 Bxe6 16. Nd5 Rxb2 17. Qxb2 Bg7 18. Qc2 Bxd5 19. cxd5 Ng4 20. e4 c4 21.
Rae1 Qb6+ 22. Kh1 Nf2+ 23. Rxf2 Qxf2 24. Rf1 Qd4 25. Nf3 Qb2 26. Qxb2 Bxb2 27.
Rf2 c3 28. Bf1 Nb7 29. Bd3 Nc5 30. Bc2 Rb8 31. Re2 Kf8 32. Nd4 Bc1 33. e5 Bd2
34. Kg2 Rb4 35. Nc6 Rb2 36. Nd4 dxe5 37. fxe5 Rxa2 38. h4 Bh6 39. d6 Bg7 40.
Kf3 Rb2 41. Re3 Nd7 42. Rxc3 Bxe5 43. Ke4 Bxd6 44. Kd5 Be5 45. Ba4 Rd2 46. Bxd7
Bxd4 47. Rf3 Be5+ 48. Kxe5 Rxd7 0-1

[Event "Gibtelecom Masters"]
[Site "Gibraltar Gibraltar"]
[Date "2007.01.27"]
[Round "5.23"]
[White "Jones, Gawain"]
[Black "Swinkels, Robin"]
[Result "1/2-1/2"]
[WhiteElo "2509"]
[BlackElo "2428"]
[PlyCount "77"]
[EventDate "2007.01.23"]

1. e4 e5 2. Nf3 Nc6 3. d4 exd4 4. Bc4 Nf6 5. e5 d5 6. Bb5 Ne4 7. Nxd4 Bc5 8.
Be3 Bd7 9. Bxc6 bxc6 10. Nd2 Nxd2 11. Qxd2 Bb6 12. Nb3 f6 13. exf6 Qxf6 14. Bc5
Kf7 15. O-O Qxb2 16. Bd4 Bxd4 17. Nxd4 Rhb8 18. f4 Kg8 19. f5 Rb4 20. Rad1 Rf8
21. Qe3 Rc4 22. f6 Rxf6 23. Rxf6 gxf6 24. Qg3+ Kf7 25. Qxc7 Rxd4 26. Qxd7+ Kg6
27. Qe8+ Kg7 28. Qe7+ Kg8 29. Rf1 Re4 30. Qxa7 Qd4+ 31. Qxd4 Rxd4 32. Rxf6 Rc4
33. Rf2 Rc3 34. Kf1 Ra3 35. c4 dxc4 36. Ke1 Kg7 37. Kd1 Kg6 38. Kc1 c3 39. Kd1
1/2-1/2